Z Čiernej knihy o životnom prostredí

Absencia právomoci a systémové nedostatky Ministerstva životného prostredia. Nedostatky vo výkone štátnej správy v oblasti životného prostredia.

Gespeichert in:
Bibliographische Detailangaben
Format: Buchkapitel
Sprache:Slowakisch
Schlagworte:
Tags: Tag hinzufügen
Keine Tags, Fügen Sie das erste Tag hinzu!

MARC

LEADER 00000naa a2200000 4500
001 r034650
005 20230825081825.9
041 0 |a slo 
044 |a SK 
245 1 0 |a Z Čiernej knihy o životnom prostredí 
520 |a Absencia právomoci a systémové nedostatky Ministerstva životného prostredia. Nedostatky vo výkone štátnej správy v oblasti životného prostredia. 
610 2 0 |a ochrana prostredia životného 
610 2 0 |a správa štátna 
610 2 0 |a ministerstvá 
610 2 0 |a právomoc 
610 2 0 |a prostredie životné 
610 2 0 |a Slovensko